000 00547nam a2200229Ia 4500
003 OSt
005 20230327095321.0
008 210423s2007 xx 000 0 und d
020 _a415215196
040 _cAL
041 _aeng
082 _a305.4201 SALS
100 _aSALIH (Sara)
_978071
245 _aJudith Butler
260 _aNew Delhi
_bRegal Publications
_c2007
300 _axiv,177
_bPB
365 _b220
_cINR
650 _aSociology
_978072
650 _aWomen Studies
_978073
906 _aButler ; Judith
942 _2ddc
_cBK
999 _c156027
_d156027